<?xml version="1.0" encoding="UTF-8"?>
<record
    xmlns:xsi="http://www.w3.org/2001/XMLSchema-instance"
    xsi:schemaLocation="http://www.loc.gov/MARC21/slim http://www.loc.gov/standards/marcxml/schema/MARC21slim.xsd"
    xmlns="http://www.loc.gov/MARC21/slim">

  <leader>01863nam a2200433 a 4500</leader>
  <controlfield tag="008">951213s1984||||[C               0  slo c</controlfield>
  <datafield tag="020" ind1=" " ind2=" ">
    <subfield code="c">45 K&#x10D;s. </subfield>
    <subfield code="q">(10000 v&#xFD;tl.)</subfield>
  </datafield>
  <datafield tag="040" ind1=" " ind2=" ">
    <subfield code="a">SNK</subfield>
    <subfield code="b">slo</subfield>
    <subfield code="c">SNK</subfield>
    <subfield code="e">AACR2</subfield>
  </datafield>
  <datafield tag="041" ind1="1" ind2=" ">
    <subfield code="a">slo</subfield>
    <subfield code="h">slo</subfield>
  </datafield>
  <datafield tag="080" ind1=" " ind2=" ">
    <subfield code="a">396(437.6)"1918/1980"(091)</subfield>
  </datafield>
  <datafield tag="100" ind1="1" ind2=" ">
    <subfield code="a">Kir&#xE1;lyov&#xE1;, Blanka</subfield>
    <subfield code="4">aut</subfield>
  </datafield>
  <datafield tag="242" ind1="1" ind2="0">
    <subfield code="a">1918-1980</subfield>
  </datafield>
  <datafield tag="245" ind1="1" ind2="0">
    <subfield code="a">Pokrokov&#xE9; &#x17E;ensk&#xE9; hnutie na Slovensku 1918-1980</subfield>
    <subfield code="c">Blanka Kir&#xE1;lyov&#xE1;, Lila Hoj&#x10D;ov&#xE1; ; Darina &#x10C;ernov&#xE1;, Zlatica Funkov&#xE1;, Irena Grmanov&#xE1;, O&#x13E;ga Gr&#xFC;nnerov&#xE1;, J&#xFA;lia Chre&#x148;ov&#xE1;, Blanka Kir&#xE1;lyov&#xE1;, Lila Hoj&#x10D;ov&#xE1;, Karol Rosm&#xE1;ny, Ladislav Lisick&#xFD;, Elena Me&#x161;kov&#xE1;, Ladislav Nagy, Magda Robinsonov&#xE1;, Mikul&#xE1;&#x161; &#x10C;erve&#x148;ansk&#xFD;, Ladislav Lisick&#xFD;, Elena Me&#x161;kov&#xE1;, Ladislav Nagy, Alexander Voj&#x10D;ek, Franti&#x161;ek Sp&#xE1;&#x10D;il</subfield>
  </datafield>
  <datafield tag="250" ind1=" " ind2=" ">
    <subfield code="a">1., vyd.</subfield>
  </datafield>
  <datafield tag="260" ind1=" " ind2=" ">
    <subfield code="a">Bratislava</subfield>
    <subfield code="b">&#x17D;ivena</subfield>
    <subfield code="a">S.l.</subfield>
    <subfield code="b">S&#xDA;V SZ&#x17D; v Bratislave [vyd.]</subfield>
    <subfield code="c">1984</subfield>
    <subfield code="e">Martin</subfield>
    <subfield code="f">Tla&#x10D;iarne SNP</subfield>
  </datafield>
  <datafield tag="300" ind1=" " ind2=" ">
    <subfield code="a">431 s., 33,6 AH</subfield>
    <subfield code="c">34 cm</subfield>
  </datafield>
  <datafield tag="500" ind1=" " ind2=" ">
    <subfield code="a">Lit. 156. Fot. na front. a preds&#xE1;dkach. Vysvetl. k skr. Men. reg. Res. rus., nem., franc., angl. a &#x161;pan. 156 z&#xE1;zn. v slov. a &#x10D;e&#x161;.</subfield>
  </datafield>
  <datafield tag="700" ind1="1" ind2=" ">
    <subfield code="a">Hoj&#x10D;ov&#xE1;, Lila</subfield>
    <subfield code="4">aut</subfield>
  </datafield>
  <datafield tag="700" ind1="1" ind2=" ">
    <subfield code="a">&#x10C;ernov&#xE1;, Darina</subfield>
    <subfield code="4">aut</subfield>
  </datafield>
  <datafield tag="700" ind1="1" ind2=" ">
    <subfield code="a">Funkov&#xE1;, Zlatica</subfield>
    <subfield code="4">aut</subfield>
  </datafield>
  <datafield tag="700" ind1="1" ind2=" ">
    <subfield code="a">Grmanov&#xE1;, Irena</subfield>
    <subfield code="4">aut</subfield>
  </datafield>
  <datafield tag="700" ind1="1" ind2=" ">
    <subfield code="a">Gr&#xFC;nnerov&#xE1;, O&#x13E;ga</subfield>
    <subfield code="4">aut</subfield>
  </datafield>
  <datafield tag="700" ind1="1" ind2=" ">
    <subfield code="a">Chre&#x148;ov&#xE1;, J&#xFA;lia</subfield>
    <subfield code="4">aut</subfield>
  </datafield>
  <datafield tag="700" ind1="1" ind2=" ">
    <subfield code="a">Kir&#xE1;lyov&#xE1;, Blanka</subfield>
    <subfield code="4">com</subfield>
  </datafield>
  <datafield tag="700" ind1="1" ind2=" ">
    <subfield code="a">Hoj&#x10D;ov&#xE1;, Lila</subfield>
    <subfield code="4">com</subfield>
  </datafield>
  <datafield tag="700" ind1="1" ind2=" ">
    <subfield code="a">Rosm&#xE1;ny, Karol</subfield>
    <subfield code="4">bkd</subfield>
  </datafield>
  <datafield tag="700" ind1="1" ind2=" ">
    <subfield code="a">Lisick&#xFD;, Ladislav</subfield>
    <subfield code="4">bkd</subfield>
  </datafield>
  <datafield tag="700" ind1="1" ind2=" ">
    <subfield code="a">Me&#x161;kov&#xE1;, Elena</subfield>
    <subfield code="4">bkd</subfield>
  </datafield>
  <datafield tag="700" ind1="1" ind2=" ">
    <subfield code="a">Nagy, Ladislav</subfield>
    <subfield code="4">bkd</subfield>
  </datafield>
  <datafield tag="700" ind1="1" ind2=" ">
    <subfield code="a">Robinsonov&#xE1;, Magda</subfield>
    <subfield code="4">bkd</subfield>
  </datafield>
  <datafield tag="700" ind1="1" ind2=" ">
    <subfield code="a">&#x10C;erve&#x148;ansk&#xFD;, Mikul&#xE1;&#x161;</subfield>
    <subfield code="4">bkd</subfield>
  </datafield>
  <datafield tag="700" ind1="1" ind2=" ">
    <subfield code="a">Lisick&#xFD;, Ladislav</subfield>
    <subfield code="4">bkd</subfield>
  </datafield>
  <datafield tag="700" ind1="1" ind2=" ">
    <subfield code="a">Me&#x161;kov&#xE1;, Elena</subfield>
    <subfield code="4">bkd</subfield>
  </datafield>
  <datafield tag="700" ind1="1" ind2=" ">
    <subfield code="a">Nagy, Ladislav</subfield>
    <subfield code="4">bkd</subfield>
  </datafield>
  <datafield tag="700" ind1="1" ind2=" ">
    <subfield code="a">Voj&#x10D;ek, Alexander</subfield>
    <subfield code="4">bkd</subfield>
  </datafield>
  <datafield tag="700" ind1="1" ind2=" ">
    <subfield code="a">Sp&#xE1;&#x10D;il, Franti&#x161;ek</subfield>
    <subfield code="4">bkd</subfield>
  </datafield>
  <datafield tag="044" ind1=" " ind2=" ">
    <subfield code="a">xo</subfield>
    <subfield code="c">SK</subfield>
  </datafield>
  <datafield tag="958" ind1=" " ind2=" ">
    <subfield code="a">A</subfield>
  </datafield>
  <datafield tag="999" ind1=" " ind2=" ">
    <subfield code="c">19261</subfield>
    <subfield code="d">19261</subfield>
  </datafield>
  <datafield tag="952" ind1=" " ind2=" ">
    <subfield code="0">0</subfield>
    <subfield code="1">0</subfield>
    <subfield code="4">0</subfield>
    <subfield code="7">0</subfield>
    <subfield code="8">K</subfield>
    <subfield code="a">10000</subfield>
    <subfield code="b">10000</subfield>
    <subfield code="d">2019-11-29</subfield>
    <subfield code="g">45.00</subfield>
    <subfield code="i">17801</subfield>
    <subfield code="o">I 1458</subfield>
    <subfield code="r">2019-11-29</subfield>
    <subfield code="w">2019-11-29</subfield>
    <subfield code="y">OLDO</subfield>
  </datafield>
</record>
